| 000 | 00397nam a22001697a 4500 | ||
|---|---|---|---|
| 005 | 20240321121615.0 | ||
| 008 | 160615b xxu||||| |||| 00| 0 eng d | ||
| 020 | _a81-7929-054-9 | ||
| 041 | _aeng | ||
| 082 | _b7792 | ||
| 100 |
_aBirkin, Malcolm _9365 |
||
| 245 | _aHow to build an integrated | ||
| 260 |
_bInfinity Book _c2003 _adelhi |
||
| 300 | _a215;p | ||
| 650 | _aManagement | ||
| 942 | _cBK | ||
| 999 |
_c2801 _d2800 |
||